000 00674nam a2200265Ia 4500
005 20260121170421.0
008 008 260114s9999 xx 000 0 eng d
020 _a9783319597553
037 _aEBOOK
040 _aCRL
040 _beng
040 _cCRL
041 _2eng
041 _aeng
084 _qCRL
100 _aIsabella Crespi, Stefania Giada Meda, Laura Merla
_91063624
245 0 _aMaking Multicultural Families in Europe
260 _bSpringer
260 _bSpringer
260 _c2018
856 _uhttps://link.springer.com/openurl?genre=book&isbn=978-3-319-59755-3
942 _cEBOOK
999 _c1629353
_d1629353